[Event "Rated Blitz game"]
[Site "?"]
[Date "2021.10.25"]
[Round "?"]
[White "totoff"]
[Black "larsental3"]
[Result "0-1"]
[WhiteElo "2424"]
[BlackElo "2395"]
[PlyCount "68"]
[EventDate "2021.??.??"]
[EventType "blitz"]

1. e4 e5 2. Nf3 d5 3. d3 dxe4 4. dxe4 Qxd1+ 5. Kxd1 Nc6 6. c3 Bg4 7. Nbd2 O-O-O
8. Kc2 a6 9. b4 f5 10. Ng5 Nh6 11. f3 Bh5 12. exf5 Nxf5 13. Nde4 Bg6 14. Bc4
Nd6 15. Be6+ Kb8 16. Re1 h6 17. Nh3 Nxe4 18. fxe4 Be7 19. Nf2 Rhf8 20. Be3 Bg5
21. Bf5 Bxf5 22. exf5 Rxf5 23. Ne4 Bxe3 24. Rxe3 Ne7 25. Nc5 Rf2+ 26. Kb3 Nc6
27. Rg3 g5 28. Ne4 Re2 29. Nc5 Rdd2 30. a4 e4 31. h4 gxh4 32. Rh3 Ne5 33. Rxh4
Rb2+ 34. Ka3 Nc4# {Normal} 0-1

[Event "Rated Blitz game"]
[Site "?"]
[Date "2021.10.25"]
[Round "?"]
[White "Sertoespj"]
[Black "khalid_ontawar"]
[Result "1-0"]
[WhiteElo "2441"]
[BlackElo "2452"]
[PlyCount "121"]
[EventDate "2021.??.??"]
[EventType "blitz"]

1. e4 e5 2. Nf3 d5 3. Nxe5 Qe7 4. d4 f6 5. Nf3 dxe4 6. Nfd2 Nc6 7. Nb3 Bd7 8.
Be2 O-O-O 9. O-O f5 10. c4 g5 11. Nc3 f4 12. Bg4 Bxg4 13. Qxg4+ Kb8 14. d5 Ne5
15. Qf5 Nxc4 16. Qxe4 Qxe4 17. Nxe4 Rxd5 18. g3 f3 19. Nxg5 Rf5 20. Bf4 Bh6 21.
Rfe1 b6 22. Nh3 Bxf4 23. Nxf4 Nf6 24. Nd4 Rg5 25. Nxf3 Rb5 26. b3 Nd6 27. Nd4
Rc5 28. Re7 h5 29. Nfe6 Rc3 30. h4 Nd5 31. Rg7 Rd3 32. Rc1 Rc8 33. Nc6+ Kb7 34.
Ne5 Rd2 35. Nc4 Nxc4 36. bxc4 Nf6 37. c5 Ng4 38. c6+ Kb8 39. Rf7 Rxa2 40. Rd1
Re2 41. Ng7 Ne5 42. Rf6 Rc2 43. Nxh5 Rxc6 44. Rxc6 Nxc6 45. Nf6 Kb7 46. g4 a5
47. g5 a4 48. g6 Ne7 49. g7 b5 50. h5 Ng8 51. Nxg8 Rxg8 52. h6 a3 53. Kf1 b4
54. h7 Rxg7 55. h8=Q Rg6 56. Qh1+ Kb6 57. Qe4 Rc6 58. Qxb4+ Ka7 59. Qxa3+ Ra6
60. Qb3 Rb6 61. Qd5 {Time forfeit} 1-0

[Event "Rated Blitz game"]
[Site "?"]
[Date "2021.10.25"]
[Round "?"]
[White "Jimbaba"]
[Black "RCompany_1"]
[Result "0-1"]
[WhiteElo "2487"]
[BlackElo "2405"]
[PlyCount "34"]
[EventDate "2021.??.??"]
[EventType "blitz"]

1. e4 e5 2. Nf3 d5 3. Nxe5 Bd6 4. d4 dxe4 5. Nc4 Be7 6. Nc3 Nf6 7. Bg5 O-O 8.
Qe2 Qxd4 9. Rd1 Qc5 10. Be3 Qf5 11. h3 Nc6 12. g4 Qg6 13. Bg2 Bb4 14. O-O Bxc3
15. bxc3 Nxg4 16. hxg4 Bxg4 17. Qe1 Bf3 {Normal} 0-1

[Event "Rated Blitz game"]
[Site "?"]
[Date "2021.10.25"]
[Round "?"]
[White "boblibob"]
[Black "Larenim"]
[Result "0-1"]
[WhiteElo "2472"]
[BlackElo "2303"]
[PlyCount "62"]
[EventDate "2021.??.??"]
[EventType "blitz"]

1. e4 e5 2. Nf3 d5 3. exd5 e4 4. Ne5 Bd6 5. Nc4 Nf6 6. Be2 O-O 7. Nc3 c6 8.
Nxd6 Qxd6 9. dxc6 Nxc6 10. O-O Bf5 11. d3 exd3 12. Bxd3 Bxd3 13. Qxd3 Qxd3 14.
cxd3 Rad8 15. Rd1 Nb4 16. Be3 Nxd3 17. Rd2 Nb4 18. Rxd8 Rxd8 19. Bxa7 Rd2 20.
a3 Nd3 21. b4 Rc2 22. Nb5 Ne4 23. Rd1 Kf8 24. Rf1 Nd2 25. Rd1 Nb2 26. Ra1 Nb3
27. Rf1 Nc4 28. g3 Nbd2 29. Rd1 b6 30. Nd4 Ra2 31. Bb8 Ne4 {Time forfeit} 0-1

[Event "Rated Blitz game"]
[Site "?"]
[Date "2021.10.25"]
[Round "?"]
[White "Frogkiller"]
[Black "Annali-annaliew1979"]
[Result "1-0"]
[WhiteElo "2492"]
[BlackElo "2417"]
[PlyCount "101"]
[EventDate "2021.??.??"]
[EventType "blitz"]

1. e4 e5 2. Nf3 d5 3. d4 dxe4 4. Nxe5 Bd6 5. Nc4 Nf6 6. Bg5 h6 7. Bh4 Bf5 8.
Nc3 Nbd7 9. Be2 O-O 10. O-O Re8 11. a3 a6 12. Ne3 Bg6 13. Ned5 c6 14. Ne3 Qc7
15. Bg3 Rad8 16. Bc4 Bxg3 17. hxg3 Nb6 18. Ba2 Nbd5 19. Ncxd5 Nxd5 20. Qd2 Kh7
21. c4 Ne7 22. d5 f5 23. Rad1 f4 24. gxf4 Qxf4 25. d6 Ng8 26. c5 Nf6 27. b4 Nh5
28. Nc4 Qg4 29. Ne3 Qg5 30. Nc4 Nf4 31. g3 Rf8 32. Rde1 Qg4 33. Ne5 Qg5 34. Nc4
Bf7 35. Qxf4 Qxf4 36. gxf4 Bd5 37. Bb3 Rxf4 38. Nd2 Rg4+ 39. Kh2 Rf8 40. Bc2
Rh4+ 41. Kg3 Rh5 42. Nxe4 g6 43. f4 Rhf5 44. Nc3 R5f6 45. Re7+ Kg8 46. Nxd5
cxd5 47. Bb3 Rf5 48. d7 g5 49. Re8 gxf4+ 50. Kf3 Kf7 51. Rxf8+ {Normal} 1-0

[Event "Rated Blitz game"]
[Site "?"]
[Date "2021.10.25"]
[Round "?"]
[White "leva1958"]
[Black "MischieviousPawn"]
[Result "0-1"]
[WhiteElo "2572"]
[BlackElo "2491"]
[PlyCount "126"]
[EventDate "2021.??.??"]
[EventType "blitz"]

1. e4 e5 2. Nf3 d5 3. d4 dxe4 4. Nxe5 Bd6 5. Bc4 Bxe5 6. dxe5 Qxd1+ 7. Kxd1 Nc6
8. Bf4 Nge7 9. Nd2 Ng6 10. Bg3 Ngxe5 11. Bb5 Bg4+ 12. Kc1 O-O-O 13. Nxe4 f6 14.
Bxc6 Nxc6 15. f3 Bf5 16. Nc3 Nd4 17. Ne4 Bxe4 18. fxe4 Ne2+ 19. Kb1 Nxg3 20.
hxg3 Rd2 21. a4 Rxg2 22. Ra3 Re2 23. Rh4 h5 24. g4 Rxe4 25. Rxh5 Rxh5 26. gxh5
Kd7 27. Rg3 Re7 28. Rg6 Ke6 29. h6 gxh6 30. Rxh6 Rd7 31. Rh1 f5 32. Re1+ Kf6
33. Rf1 Kg5 34. Rg1+ Kf4 35. Rf1+ Kg4 36. Rg1+ Kf3 37. Rf1+ Kg4 38. Rg1+ Kh5
39. Rf1 Kg5 40. Rg1+ Kf6 41. Rf1 Rd4 42. b3 f4 43. c3 Re4 44. Kc2 Kf5 45. Kd2
Kg4 46. Rg1+ Kf3 47. Rg7 Re2+ 48. Kd3 Re3+ 49. Kd2 b6 50. Rxc7 a5 51. Rc6 Re2+
52. Kd3 Rb2 53. Rxb6 Kf2 54. b4 f3 55. bxa5 Ra2 56. a6 Rxa4 57. Rf6 Kg2 58. c4
f2 59. c5 Rxa6 60. Rxf2+ Kxf2 61. Kd4 Kf3 62. Kd5 Kf4 63. c6 Ra5+ {Time forfeit
} 0-1

[Event "Rated Blitz game"]
[Site "?"]
[Date "2021.10.25"]
[Round "?"]
[White "jorgellanoss"]
[Black "khalid_ontawar"]
[Result "0-1"]
[WhiteElo "2521"]
[BlackElo "2422"]
[PlyCount "96"]
[EventDate "2021.??.??"]
[EventType "blitz"]

1. e4 e5 2. Nf3 d5 3. d4 dxe4 4. Nxe5 Be6 5. Nc3 Nf6 6. Bg5 Be7 7. Bxf6 gxf6 8.
Nc4 Bb4 9. Ne3 f5 10. g3 Bxc3+ 11. bxc3 Qf6 12. Bg2 c5 13. O-O cxd4 14. cxd4
O-O 15. d5 Bd7 16. c4 Na6 17. d6 Bc6 18. Qh5 f4 19. Qg4+ Kh8 20. Qxf4 Qxf4 21.
gxf4 Rg8 22. Kh1 Nc5 23. Rad1 Nd3 24. f5 Nf4 25. Rg1 Rg5 26. d7 Rd8 27. a3 Ne2
28. Rge1 Nf4 29. Rg1 h6 30. Nd5 Rxd7 31. Nxf4 Rxd1 32. Rxd1 Rxf5 33. Nh3 Rc5
34. Rd4 f5 35. Nf4 b5 36. cxb5 Rc1+ 37. Bf1 Bxb5 38. Rd8+ Kg7 39. Kg2 Bxf1+ 40.
Kg3 Bb5 41. Rd5 Rg1+ 42. Kh3 Bf1+ 43. Kh4 Rg4+ 44. Kh5 Rxf4 45. Rd7+ Kf6 46.
Rxa7 Rxf2 47. h4 Rh2 48. Kxh6 Rxh4# {Normal} 0-1

[Event "Rated Blitz game"]
[Site "?"]
[Date "2021.10.25"]
[Round "?"]
[White "khalid_ontawar"]
[Black "JHoNNiKz"]
[Result "0-1"]
[WhiteElo "2438"]
[BlackElo "2330"]
[PlyCount "64"]
[EventDate "2021.??.??"]
[EventType "blitz"]

1. e4 e5 2. Nf3 d5 3. Nc3 dxe4 4. Nxe4 f5 5. Nc3 e4 6. Ne5 Qd4 7. Nb5 Qxe5 8.
b3 Qxa1 9. Nxc7+ Kd8 10. d4 Qc3+ 11. Bd2 Qxc7 12. c4 Nf6 13. Be2 Nc6 14. d5 Ne5
15. O-O Bd6 16. b4 b6 17. Be3 Bxb4 18. Bd4 Bd6 19. Qb3 Re8 20. Rc1 Ke7 21. a4
Kf8 22. a5 Rb8 23. axb6 axb6 24. Qh3 Kg8 25. Bxe5 Bxe5 26. c5 bxc5 27. d6 Bxd6
28. Rd1 Be6 29. Qh4 c4 30. h3 c3 31. Qg5 c2 32. Rc1 Bf4 {Normal} 0-1

[Event "Rated Blitz game"]
[Site "?"]
[Date "2021.10.25"]
[Round "?"]
[White "anmob"]
[Black "Larenim"]
[Result "1-0"]
[WhiteElo "2470"]
[BlackElo "2328"]
[PlyCount "169"]
[EventDate "2021.??.??"]
[EventType "blitz"]

1. e4 e5 2. Nf3 d5 3. Nxe5 Bd6 4. d4 dxe4 5. Nc4 Nf6 6. Nc3 O-O 7. Be2 Nc6 8.
Be3 Bb4 9. O-O Re8 10. a3 Bxc3 11. bxc3 Nd5 12. Qd2 Nxe3 13. fxe3 Be6 14. Rab1
Rb8 15. Qe1 Qg5 16. Qf2 Re7 17. Nd2 f5 18. c4 Bd7 19. Qf4 Qxf4 20. Rxf4 g5 21.
Rff1 Kg7 22. g3 Nd8 23. c3 Nf7 24. c5 Kg6 25. Nc4 b6 26. d5 Ne5 27. c6 Nxc4 28.
Bxc4 Be8 29. Rf2 Re5 30. a4 a5 31. Ba2 Rd8 32. c4 Bf7 33. Rbf1 h5 34. h3 Rd6
35. g4 hxg4 36. hxg4 f4 37. exf4 gxf4 38. Rxf4 Be8 39. Bb1 Rg5 40. Bxe4+ Kh6
41. Bf5 Rf6 42. Kh2 Bg6 43. Bxg6 Rfxg6 44. Kh3 Re5 45. Kh4 Re2 46. R1f2 Re1 47.
g5+ Kh7 48. Rf7+ Rg7 49. Rxg7+ Kxg7 50. Kg4 Re4+ 51. Rf4 Re1 52. Kf5 Rg1 53.
Re4 Kf7 54. g6+ Rxg6 55. Rh4 Rg7 56. Rh8 Ke7 57. Rc8 Kd6 58. Rd8+ Kc5 59. Rd7
Rg1 60. Rxc7 Rd1 61. Rd7 Rf1+ 62. Ke6 Re1+ 63. Kf7 Rf1+ 64. Ke8 Re1+ 65. Kd8
Rh1 66. c7 Rh8+ 67. Ke7 Rh7+ 68. Ke6 Rh6+ 69. Ke5 Rh5+ 70. Kf4 Rh4+ 71. Kg5 Rh8
72. Rd8 Rh1 73. c8=Q+ Kb4 74. Rf8 Rg1+ 75. Kf4 Rf1+ 76. Ke3 Re1+ 77. Kd2 Rb1
78. Qc6 Ka3 79. Rf3+ Ka2 80. Rc3 b5 81. cxb5 Rb2+ 82. Rc2 Rxc2+ 83. Kxc2 Ka3
84. Qc3+ Kxa4 85. Qb3# {Normal} 1-0

[Event "Rated Blitz game"]
[Site "?"]
[Date "2021.10.25"]
[Round "?"]
[White "LGNR"]
[Black "Annali-annaliew1979"]
[Result "1-0"]
[WhiteElo "2467"]
[BlackElo "2432"]
[PlyCount "73"]
[EventDate "2021.??.??"]
[EventType "blitz"]

1. e4 e5 2. Nf3 d5 3. d4 dxe4 4. Nxe5 Bd6 5. Nc4 Nf6 6. Nxd6+ cxd6 7. c4 h6 8.
Nc3 O-O 9. Be2 Bf5 10. h3 Nc6 11. g4 Bg6 12. h4 Qa5 13. g5 hxg5 14. h5 Bh7 15.
Bxg5 e3 16. Bxf6 gxf6 17. fxe3 Rfe8 18. Qd2 Nb4 19. Rc1 Kh8 20. a3 Nc6 21. Nd5
Qd8 22. Bd3 Be4 23. Bxe4 Rxe4 24. Qg2 Re8 25. Rg1 Rg8 26. Qxg8+ Qxg8 27. Rxg8+
Kxg8 28. Nxf6+ Kg7 29. Nd5 Re8 30. Kd2 Kh6 31. Rf1 Nd8 32. Kd3 Re6 33. e4 b6
34. b4 Re8 35. Rf6+ Kxh5 36. Rxd6 Rg8 37. Nf6+ {Normal} 1-0

[Event "Rated Blitz game"]
[Site "?"]
[Date "2021.10.25"]
[Round "?"]
[White "donaldduk"]
[Black "Dzon_Vejn"]
[Result "0-1"]
[WhiteElo "2438"]
[BlackElo "2506"]
[PlyCount "106"]
[EventDate "2021.??.??"]
[EventType "blitz"]

1. e4 e5 2. Nf3 d5 3. Nxe5 Bd6 4. d4 dxe4 5. Nc4 Be7 6. Ne3 Nf6 7. c4 O-O 8.
Nc3 a6 9. d5 c6 10. Be2 cxd5 11. Ncxd5 Be6 12. O-O Nc6 13. b3 Bxd5 14. Nxd5
Nxd5 15. cxd5 Nb4 16. Bc4 b5 17. a3 bxc4 18. axb4 c3 19. Qd4 Bf6 20. Qxe4 Re8
21. Qd3 Qb6 22. Ra4 g6 23. Be3 Qb5 24. Qc4 Rec8 25. Bc5 Qb7 26. Rd1 Re8 27. d6
Qd7 28. Rxa6 Rxa6 29. Qxa6 c2 30. Rf1 Qf5 31. Qc4 Bb2 32. Be3 Kf8 33. b5 Rxe3
34. fxe3 c1=Q 35. Qxc1 Bxc1 36. Rxf5 gxf5 37. b6 Bxe3+ 38. Kf1 Bxb6 39. Ke2 Bc5
40. Kf3 Bxd6 41. g3 Ke7 42. b4 Ke6 43. b5 Bb8 44. g4 f4 45. g5 Kf5 46. h4 Kg6
47. Kg4 f3 48. h5+ Kg7 49. Kxf3 f6 50. Kg4 f5+ 51. Kxf5 h6 52. gxh6+ Kh7 53.
Kf6 Kxh6 {Time forfeit} 0-1

[Event "Rated Blitz game"]
[Site "?"]
[Date "2021.10.25"]
[Round "?"]
[White "Wollukav"]
[Black "alaeldin1212"]
[Result "1-0"]
[WhiteElo "2414"]
[BlackElo "2410"]
[PlyCount "121"]
[EventDate "2021.??.??"]
[EventType "blitz"]

1. e4 e5 2. Nf3 d5 3. exd5 e4 4. Qe2 Nf6 5. d3 Qxd5 6. Nbd2 Be7 7. Nxe4 O-O 8.
c4 Qa5+ 9. Bd2 Qb6 10. Bc3 Nxe4 11. dxe4 Bb4 12. Bxb4 Qxb4+ 13. Qd2 Qe7 14. Bd3
Nc6 15. O-O Bg4 16. Qf4 Bxf3 17. Qxf3 Rad8 18. Rad1 Rfe8 19. Bb1 Ne5 20. Qe2
Qc5 21. b3 c6 22. Rxd8 Rxd8 23. Rd1 Rxd1+ 24. Qxd1 g6 25. Kf1 h5 26. h3 a5 27.
f4 Nxc4 28. bxc4 Qxc4+ 29. Qd3 Qc1+ 30. Ke2 Qxf4 31. Qd8+ Kg7 32. Qd4+ Kg8 33.
Qd8+ Kg7 34. Qxa5 Qc1 35. Bd3 Qb2+ 36. Qd2 Qe5 37. Kf3 b5 38. Qf4 Qc3 39. Qe3
Qe5 40. Be2 f5 41. exf5 Qxf5+ 42. Qf4 Qd5+ 43. Qe4 Qxa2 44. Qxc6 Qb3+ 45. Kf2
b4 46. Qc7+ Kh6 47. Qf4+ Kg7 48. Qe5+ Kh6 49. Qe3+ Qxe3+ 50. Kxe3 Kg5 51. Bc4
Kh4 52. Kf2 g5 53. Be6 g4 54. hxg4 hxg4 55. g3+ Kh3 56. Bb3 Kh2 57. Bc4 Kh3 58.
Be6 b3 59. Bxb3 Kh2 60. Bc4 Kh3 61. Be6 {Normal} 1-0

[Event "Rated Blitz game"]
[Site "?"]
[Date "2021.10.25"]
[Round "?"]
[White "RememberTomorrow"]
[Black "walodelpalo"]
[Result "1-0"]
[WhiteElo "2422"]
[BlackElo "2387"]
[PlyCount "33"]
[EventDate "2021.??.??"]
[EventType "blitz"]

1. e4 e5 2. Nf3 d5 3. Nxe5 Bd6 4. d4 dxe4 5. Nc4 Nf6 6. Nxd6+ Qxd6 7. Be2 O-O
8. Be3 Nd5 9. O-O f5 10. c4 Nxe3 11. fxe3 Nc6 12. Nc3 Qg6 13. Nd5 Rf7 14. Bh5
Qh6 15. Bxf7+ Kxf7 16. Qe1 Be6 17. Nxc7 {Normal} 1-0

[Event "Rated Blitz game"]
[Site "?"]
[Date "2021.10.25"]
[Round "?"]
[White "shalygin1959A"]
[Black "Annali-annaliew1979"]
[Result "1-0"]
[WhiteElo "2424"]
[BlackElo "2411"]
[PlyCount "54"]
[EventDate "2021.??.??"]
[EventType "blitz"]

1. e4 e5 2. Nf3 d5 3. exd5 e4 4. Qe2 f5 5. d3 Nf6 6. dxe4 fxe4 7. Ng5 Be7 8.
Nxe4 Nxe4 9. Qxe4 O-O 10. Bc4 Bb4+ 11. Kf1 Bd6 12. Be3 Bf5 13. Qd4 Nd7 14. Nc3
a6 15. Bb3 b5 16. a3 Qe7 17. h3 Rae8 18. Re1 Nc5 19. g4 Bg6 20. Bd2 Qf7 21.
Rxe8 Qxe8 22. Kg2 Qf7 23. f4 Nxb3 24. cxb3 Qe7 25. f5 Bxf5 26. gxf5 Rxf5 27.
Re1 Qh4 {Normal} 1-0

[Event "Rated Blitz game"]
[Site "?"]
[Date "2021.10.25"]
[Round "?"]
[White "jr1990"]
[Black "Slimslik02"]
[Result "1-0"]
[WhiteElo "2419"]
[BlackElo "2353"]
[PlyCount "125"]
[EventDate "2021.??.??"]
[EventType "blitz"]

1. e4 e5 2. Nf3 d5 3. exd5 e4 4. Qe2 Nf6 5. Nc3 Bb4 6. Ng5 O-O 7. Ncxe4 Bf5 8.
f3 h6 9. Nh3 Nxe4 10. fxe4 Bxe4 11. Kd1 Bxd5 12. c3 Bd6 13. d4 Re8 14. Qg4 Qe7
15. Bd2 Nc6 16. Bd3 Be6 17. Qf3 Rad8 18. Kc2 Qh4 19. Nf4 Bg4 20. Qg3 Qxg3 21.
hxg3 a6 22. Rh4 Bc8 23. Rf1 Ne7 24. Nh5 Ng6 25. Rhh1 Bg4 26. Nf4 Nf8 27. Rh4 g5
28. Rxh6 gxf4 29. gxf4 Ng6 30. f5 Be2 31. Bxe2 Rxe2 32. fxg6 Kg7 33. Rxf7+ Kg8
34. g4 Rf8 35. Rxf8+ Kxf8 36. Rh7 Kg8 37. Rf7 Rg2 38. g5 Bg3 39. Rf3 Be1 40.
Rd3 Bxd2 41. Rxd2 Rxg5 42. Re2 Rxg6 43. Kb3 Rb6+ 44. Kc2 Rc6 45. a3 Kf7 46. Rd2
Rg6 47. Re2 Rg3 48. b4 c5 49. dxc5 Kf6 50. Rd2 Ke6 51. Kb3 Ke7 52. Rd6 Rg6 53.
Rxg6 Kd7 54. Rb6 Kc7 55. a4 Kb8 56. b5 Kc7 57. bxa6 bxa6 58. Rxa6 Kb7 59. Rb6+
Kc7 60. Kb4 Kc8 61. Kb5 Kc7 62. a5 Kc8 63. a6 {Time forfeit} 1-0

[Event "Rated Blitz game"]
[Site "?"]
[Date "2021.10.25"]
[Round "?"]
[White "Aris_H_Indramayu"]
[Black "stayhomesafe"]
[Result "1-0"]
[WhiteElo "2405"]
[BlackElo "2277"]
[PlyCount "87"]
[EventDate "2021.??.??"]
[EventType "blitz"]

1. e4 e5 2. Nf3 d5 3. Nxe5 Bd6 4. d4 dxe4 5. Nc3 Bxe5 6. dxe5 Qxd1+ 7. Kxd1 Nc6
8. Bb5 Bf5 9. Bxc6+ bxc6 10. Bg5 h6 11. Be3 O-O-O+ 12. Ke2 a6 13. Rhd1 Ne7 14.
h3 Nd5 15. Na4 Rhe8 16. g4 Bg6 17. Nc5 a5 18. c4 Nb6 19. Rxd8+ Rxd8 20. b3 h5
21. Rd1 Rh8 22. e6 fxe6 23. Nxe6 hxg4 24. hxg4 Rg8 25. Bxb6 cxb6 26. Rd6 Be8
27. Ke3 Bd7 28. Kxe4 Bxe6 29. Rxe6 Kd7 30. Ke5 g5 31. Rd6+ Kc7 32. Rf6 b5 33.
c5 Rd8 34. Rf7+ Kb8 35. Rf5 a4 36. bxa4 bxa4 37. Rxg5 Kb7 38. Rf5 Ka6 39. g5
Kb5 40. Ke6 Re8+ 41. Kf7 Re2 42. g6 Rxa2 43. g7 Rxf2 44. Rxf2 {Normal} 1-0

[Event "Rated Blitz game"]
[Site "?"]
[Date "2021.10.25"]
[Round "?"]
[White "Raffael_Chess"]
[Black "Annali-annaliew1979"]
[Result "0-1"]
[WhiteElo "2452"]
[BlackElo "2421"]
[PlyCount "24"]
[EventDate "2021.??.??"]
[EventType "blitz"]

1. e4 e5 2. Nf3 d5 3. Nxe5 Qe7 4. d4 f6 5. Qh5+ g6 6. Nxg6 Qxe4+ 7. Be2 Qxg6 8.
Qxd5 Ne7 9. Qb5+ c6 10. Qc5 Nd5 11. Qa5 Qxg2 12. Rf1 Bb4+ {Normal} 0-1

[Event "Rated Blitz game"]
[Site "?"]
[Date "2021.10.25"]
[Round "?"]
[White "MarkusMaischberger"]
[Black "khalid_ontawar"]
[Result "0-1"]
[WhiteElo "2567"]
[BlackElo "2446"]
[PlyCount "100"]
[EventDate "2021.??.??"]
[EventType "blitz"]

1. e4 e5 2. Nf3 d5 3. Nxe5 Qe7 4. d4 f6 5. Ng4 dxe4 6. Nc3 Nc6 7. d5 Ne5 8.
Nxe5 Qxe5 9. Bb5+ Bd7 10. Bxd7+ Kxd7 11. O-O Rd8 12. Qe2 f5 13. Be3 a6 14. Rad1
Nf6 15. Bd4 Qd6 16. f3 Re8 17. Bxf6 gxf6 18. fxe4 Qb6+ 19. Kh1 Qxb2 20. Qc4 Qb4
21. Rd4 Qxc4 22. Rxc4 b5 23. Rc6 fxe4 24. Rcxf6 Bb4 25. Rf7+ Kc8 26. Ne2 Rd8
27. c3 Bc5 28. Rd1 Rhf8 29. Rxh7 Rxd5 30. Re1 Rd2 31. Ng3 e3 32. h4 e2 33. Rxe2
Rd1+ 34. Kh2 Bd6 35. Rg7 Rf4 36. Kh3 Rd3 37. h5 Rf1 38. Kh4 Rf4+ 39. Kg5 Rxg3+
40. Kh6 Rxg7 41. Kxg7 Rg4+ 42. Kh7 Kd7 43. h6 c5 44. a4 b4 45. Kh8 b3 46. h7 c4
47. Re4 Rxe4 48. Kg8 Rg4+ 49. Kh8 Rxg2 50. a5 Be5# {Normal} 0-1

[Event "Rated Blitz game"]
[Site "?"]
[Date "2021.10.25"]
[Round "?"]
[White "donaldduk"]
[Black "Dzon_Vejn"]
[Result "0-1"]
[WhiteElo "2429"]
[BlackElo "2515"]
[PlyCount "84"]
[EventDate "2021.??.??"]
[EventType "blitz"]

1. e4 e5 2. Nf3 d5 3. Nxe5 Bd6 4. d4 dxe4 5. Nc4 Be7 6. Ne3 Nf6 7. c4 O-O 8.
Nc3 a6 9. d5 Nbd7 10. Be2 Ne5 11. O-O Re8 12. Qd4 Bd6 13. Nxe4 Nxe4 14. Qxe4
Ng4 15. Qf3 Nxh2 16. Qh5 Nxf1 17. Bxf1 g6 18. Qf3 Qg5 19. Bd3 Qf4 20. Qxf4 Bxf4
21. Bd2 c6 22. g3 Bh6 23. Kg2 cxd5 24. cxd5 Bd7 25. Rh1 Bg7 26. Bc3 Rac8 27.
Nc4 Bb5 28. Bxg7 Bxc4 29. Bxc4 Kxg7 30. b3 b5 31. Bd3 Rc3 32. Rd1 f5 33. d6 Rd8
34. d7 Rxd7 35. Be2 Rxd1 36. Bxd1 Rc1 37. Bf3 b4 38. Bb7 a5 39. Bc6 Ra1 40. Ba4
Rxa2 41. Kf3 Rxa4 42. bxa4 b3 {Normal} 0-1

[Event "Rated Blitz game"]
[Site "?"]
[Date "2021.10.25"]
[Round "?"]
[White "DJaeggi"]
[Black "Monkey_King"]
[Result "1-0"]
[WhiteElo "2597"]
[BlackElo "2412"]
[PlyCount "37"]
[EventDate "2021.??.??"]
[EventType "blitz"]

1. e4 e5 2. Nf3 d5 3. exd5 e4 4. Qe2 Nf6 5. d3 Qxd5 6. Nbd2 Bb4 7. c3 Be7 8.
Nxe4 O-O 9. Bg5 Nc6 10. g3 Bg4 11. Bg2 Rfe8 12. O-O Bxf3 13. Qxf3 Nxe4 14. Bxe7
Rxe7 15. dxe4 Qd2 16. Rab1 Rae8 17. Qd1 Rd7 18. Qb3 Na5 19. Qa4 {Normal} 1-0

[Event "Rated Blitz game"]
[Site "?"]
[Date "2021.10.25"]
[Round "?"]
[White "Guachupino"]
[Black "Tristan2020"]
[Result "0-1"]
[WhiteElo "2480"]
[BlackElo "2307"]
[PlyCount "66"]
[EventDate "2021.??.??"]
[EventType "blitz"]

1. e4 e5 2. Nf3 d5 3. Nxe5 Bd6 4. d4 dxe4 5. Nc3 Bxe5 6. dxe5 Qxd1+ 7. Nxd1 Nc6
8. Bf4 Bf5 9. Ne3 Bg6 10. O-O-O Rd8 11. Bb5 Nge7 12. e6 fxe6 13. Bxc7 Rxd1+ 14.
Rxd1 O-O 15. Bc4 Rxf2 16. Bxe6+ Kh8 17. Bd6 h6 18. Bxe7 Nxe7 19. Rd8+ Kh7 20.
Rd7 Nc6 21. Rc7 Re2 22. Ng4 Bh5 23. Nf6+ Kg6 24. Nxh5 Kxh5 25. Rxg7 Ne5 26. Kd1
Rf2 27. Ke1 Rxc2 28. b4 e3 29. h3 Nd3+ 30. Kf1 e2+ 31. Kg1 e1=Q+ 32. Kh2 Qe5+
33. Kh1 Qxg7 {Normal} 0-1

[Event "Rated Blitz game"]
[Site "?"]
[Date "2021.10.25"]
[Round "?"]
[White "Nex2u"]
[Black "kamaio"]
[Result "0-1"]
[WhiteElo "2417"]
[BlackElo "2359"]
[PlyCount "76"]
[EventDate "2021.??.??"]
[EventType "blitz"]

1. e4 e5 2. Nf3 d5 3. d3 dxe4 4. Nxe5 Bd6 5. Nc4 Nf6 6. Nxd6+ Qxd6 7. dxe4
Qxd1+ 8. Kxd1 Nxe4 9. Be3 Nc6 10. Bd3 Nf6 11. Bg5 Be6 12. Bxf6 gxf6 13. Nc3
O-O-O 14. Kc1 Ne5 15. Be2 Rhe8 16. Rd1 Rxd1+ 17. Bxd1 Bg4 18. f3 Bh5 19. b3 Bg6
20. Be2 Nc6 21. Kb2 Nd4 22. Rc1 Nxe2 23. Re1 Nxc3 24. Rxe8+ Kd7 25. Ra8 Nd1+
26. Kc1 Ne3 27. Rxa7 b6 28. c4 Nxg2 29. a4 Nh4 30. b4 Nxf3 31. a5 bxa5 32. b5
Kd6 33. Ra6+ Kd7 34. Ra7 Kc8 35. Rxa5 Ne5 36. Ra4 Bd3 37. c5 Bxb5 38. Rf4 Nd3+
{Normal} 0-1

[Event "Rated Blitz game"]
[Site "?"]
[Date "2021.10.25"]
[Round "?"]
[White "riserman"]
[Black "RCompany_1"]
[Result "0-1"]
[WhiteElo "2450"]
[BlackElo "2401"]
[PlyCount "74"]
[EventDate "2021.??.??"]
[EventType "blitz"]

1. e4 e5 2. Nf3 d5 3. exd5 e4 4. Qe2 Nf6 5. Nc3 Be7 6. Nxe4 Nxd5 7. d4 O-O 8.
Be3 Re8 9. Ned2 Bf8 10. O-O-O f5 11. Qb5 f4 12. Bc4 c6 13. Bxd5+ Kh8 14. Qb3
fxe3 15. Bf7 exd2+ 16. Rxd2 Re4 17. Ne5 Nd7 18. Qf3 Nf6 19. Rhd1 Qe7 20. Bb3
Be6 21. h3 Bxb3 22. axb3 Re8 23. g4 Rxe5 24. dxe5 Qxe5 25. Kb1 Bc5 26. Rd8 h6
27. h4 Kh7 28. g5 Rxd8 29. Rxd8 Nd5 30. Qd3+ g6 31. Rd7+ Be7 32. c3 Qe1+ 33.
Ka2 hxg5 34. h5 Qe6 35. hxg6+ Qxg6 36. Qxg6+ Kxg6 37. Rxb7 Bd6 {Time forfeit}
0-1

[Event "Rated Blitz game"]
[Site "?"]
[Date "2021.10.25"]
[Round "?"]
[White "dmartres"]
[Black "artsportscience"]
[Result "1-0"]
[WhiteElo "2428"]
[BlackElo "2381"]
[PlyCount "117"]
[EventDate "2021.??.??"]
[EventType "blitz"]

1. e4 e5 2. Nf3 d5 3. Nxe5 Bd6 4. d4 dxe4 5. Nc3 Bxe5 6. dxe5 Qxd1+ 7. Nxd1 Nc6
8. Bb5 Nge7 9. Nc3 Bf5 10. Bf4 O-O-O 11. Bg3 Nd4 12. Ba4 Ng6 13. O-O-O c6 14.
Bb3 Nxb3+ 15. axb3 Rxd1+ 16. Rxd1 Re8 17. Re1 Nxe5 18. Nxe4 Kd8 19. f3 Bxe4 20.
Rxe4 Nd7 21. Rd4 Re6 22. Kd2 Ke8 23. c3 g6 24. b4 h5 25. b3 f5 26. Bf4 Nf6 27.
c4 Nd7 28. h4 Ne5 29. Bxe5 Rxe5 30. Rd6 Kf7 31. Rd7+ Re7 32. Rd6 Re6 33. Rd8 a6
34. Rb8 Re7 35. Rd8 Ke6 36. Rg8 Kf6 37. Rd8 Ke6 38. c5 Rd7+ 39. Rxd7 Kxd7 40.
Ke3 Ke6 41. Kf4 Kf6 42. g3 Kf7 43. Ke5 Ke7 44. f4 Kf7 45. Kd6 Kf6 46. Kc7 g5
47. hxg5+ Kg6 48. Kxb7 h4 49. gxh4 Kf7 50. Kxc6 Ke6 51. Kb6 a5 52. Kxa5 Kd5 53.
h5 Ke4 54. h6 Kxf4 55. h7 Ke4 56. h8=Q f4 57. Qf6 f3 58. Qxf3+ Kxf3 59. g6 {
Normal} 1-0

[Event "Rated Blitz game"]
[Site "?"]
[Date "2021.10.25"]
[Round "?"]
[White "FourierTransformatie"]
[Black "larsental3"]
[Result "0-1"]
[WhiteElo "2434"]
[BlackElo "2387"]
[PlyCount "32"]
[EventDate "2021.??.??"]
[EventType "blitz"]

1. e4 e5 2. Nf3 d5 3. Nxe5 Bd6 4. d4 dxe4 5. Nc3 Bxe5 6. dxe5 Qxd1+ 7. Kxd1 Nc6
8. Nxe4 Nxe5 9. Bf4 Bg4+ 10. Kc1 O-O-O 11. f3 Nxf3 12. gxf3 Bxf3 13. Bh3+ Kb8
14. Re1 Re8 15. Nd6 Rxe1+ 16. Kd2 Rxa1 {Normal} 0-1

[Event "Rated Blitz game"]
[Site "?"]
[Date "2021.10.25"]
[Round "?"]
[White "MarcinPol137"]
[Black "Ra_gozin"]
[Result "0-1"]
[WhiteElo "2440"]
[BlackElo "2336"]
[PlyCount "68"]
[EventDate "2021.??.??"]
[EventType "blitz"]

1. e4 e5 2. Nf3 d5 3. exd5 e4 4. Qe2 Qe7 5. Nd4 Nf6 6. Nc3 Nbd7 7. d3 exd3 8.
Qxe7+ Bxe7 9. Bxd3 Nb6 10. Ndb5 Kd8 11. d6 Bxd6 12. Nxd6 cxd6 13. O-O a6 14.
Bf4 Kc7 15. Rad1 Be6 16. Be2 Rad8 17. b3 Nfd5 18. Nxd5+ Nxd5 19. Bg3 Nc3 20.
Rd2 Nxe2+ 21. Rxe2 Kc6 22. c4 d5 23. cxd5+ Rxd5 24. Rc1+ Kb6 25. Be5 Rg8 26. h3
Bf5 27. Bf4 Be6 28. Be3+ Kb5 29. Rec2 Rgd8 30. Kh2 R8d7 31. Rc4 Rf5 32. a4+ Ka5
33. R1c2 Bxc4 34. Rxc4 b5 {Time forfeit} 0-1